000 00578nam a2200229Ia 4500
005 20260320201357.0
008 008 262003s9999 xx 000 0 eng d
037 _aEBOOK
040 _aCRL
040 _beng
040 _cCRL
041 _2eng
041 _aeng
084 _qCRL
100 _aWellman
245 0 _aAutonomous Bidding Agents: Strategies and Lessons from the Trading Agent Competition
260 _bIEEE
856 _uhttps://ieeexplore.ieee.org/servlet/opac?bknumber=6267448
942 _cEBOOK
999 _c1720884
_d1720884